000 01004nas a2200349 4500
001 BR2013006413
003 BR-BrBNA
005 20231205122807.0
007 ta
008 230509b bl.|||p| |||| 00| 00por d
040 _aBR-BrBNA
_bpor
_cBiblioteca Nacional de Agricultura
041 _a(En)
072 _aQ02
100 1 _aLerin, L.
100 1 _aToniazzo, G.
100 1 _aOliveira, D. de
100 1 _aRottava, L.
100 1 _aDariva, C.
100 1 _aCansian, R.L.
100 1 _aTreichel, H.
100 1 _aPadilha, F.
100 1 _aAntunes, O.A.C.
245 1 _aMicroorganisms screening for limonene oxidation
650 _aLIMÃO
650 _aBACTÉRIA
650 _aBIOSSÍNTESE
650 _aCOMPOSTO ORGÂNICO
773 0 _tCiência e Tecnologia de Alimentos (Brazil)
_xISSN 1678-457X
_g(Apr-Jun 2010), v. 30(2) p. 399-405
_wBR2013006413
856 4 0 _uhttp://www.scielo.br/pdf/cta/v30n2/17.pdf
909 _a202311
_bLúcia
_c55
_dLúcia Elande
942 _2AGRIS
_n0
_cANA
999 _c230589
_d230589